000 00826nam a2200253 i 4500
001 90768
003 ES-MaACL
005 20250809033903.0
007 t|
008 050124s1965 sp ||||1| spa d
080 _a340.12
080 _a301
100 1 _aLeclercq, Jacques.
_971094
245 1 3 _aEl derecho y la sociedad :
_bsus fundamentos /
_cJacques Leclercq ; [traducción de Ismael Antich].
260 _aBarcelona :
_bHerder,
_c1965.
300 _a333 p. ;
_c22 cm.
490 1 _aBiblioteca Herder. Sección de ciencias sociales ;
_v54
650 7 _aDerecho natural
_2embne
_911744
650 7 _aSociología
_2embne
_917195
700 1 _aAntich, Ismael.
_921892
830 1 _aBiblioteca Herder. Sección de ciencias sociales ;
_v54
_9184170
852 4 _aES-MaACL
_jC-27448
999 _c90768
_d90768